Mecánica de fluidos: fundamentos y aplicaciones
Saved in:
| Main Authors: | , |
|---|---|
| Format: | Bog |
| Sprog: | spansk |
| Udgivet: |
Ciudad de México
McGraw Hill
2012
|
| Udgivelse: | 2a. ed |
| Fag: | |
| Tags: |
Tilføj Tag
Ingen Tags, Vær først til at tagge denne postø!
|
MARC
| LEADER | 00000cam a2200000 a 4500 | ||
|---|---|---|---|
| 001 | UCE5424 | ||
| 003 | CL-VaPUC | ||
| 008 | 141230e20120000mx |||||||||||||||||spa|d | ||
| 020 | |a 9786071507792 | ||
| 082 | 0 | 4 | |a 620.106 |b CEN |2 21 |
| 100 | 0 | |a Cengel, Yunus A |e author |9 578042 | |
| 700 | 0 | |a Cimbala, John M |e author |9 578043 | |
| 245 | 1 | 0 | |a Mecánica de fluidos: fundamentos y aplicaciones |
| 250 | |a 2a. ed | ||
| 300 | |a 978 p | ||
| 942 | |c BK | ||
| 945 | |d 20141230 16:04:00 |a arojas | ||
| 260 | |a Ciudad de México |b McGraw Hill |c 2012 | ||
| 650 | 0 | |a Mecánica de fluidos |9 259464 | |
| 650 | 7 | |a MECANICA INDUSTRIAL |2 CL-VaPUC |9 578044 | |
| 650 | 0 | |a Ingeniería mecánica |9 262089 | |
| 650 | 0 | |a Hidrodinámica |9 261326 | |
| 650 | 0 | |a Motores |9 334293 | |
| 650 | 0 | |a Termodinámica |9 259320 | |
| 650 | 0 | |a Hidráulica |9 260193 | |
| 583 | |a last modification |c 20141230 16:04:00 |k Rodrigo Vera | ||
| 999 | |c 358144 |d 358142 | ||
| 952 | |0 0 |1 0 |3 erb |4 0 |6 620_106000000000000_CEN_2012 |7 0 |8 R |9 466654 |a BIBMEC |b BIBMEC |i 5133440 |l 1 |o 620.106 CEN 2012 |p 5133440 |r 2024-01-19 |s 2022-11-30 |w 2019-11-23 |y BK_R |z Catalogado en:20141230 |k MEC | ||
| 952 | |0 0 |1 0 |3 erb |4 0 |6 620_106000000000000_CEN_2012 |7 0 |8 R |9 466655 |a BIBMEC |b BIBMEC |i 5133459 |o 620.106 CEN 2012 |p 5133459 |r 2024-01-19 |w 2019-11-23 |y BK_R |z Catalogado en:20141230 |k MEC | ||
| 952 | |0 0 |1 0 |3 erb |4 0 |6 620_106000000000000_CEN_2012 |7 0 |8 R |9 466656 |a BIBMEC |b BIBMEC |i 5133467 |o 620.106 CEN 2012 |p 5133467 |r 2019-11-23 |w 2019-11-23 |y BK_R |z Catalogado en:20141230 |k MEC | ||
| 952 | |0 0 |1 0 |3 erb |4 0 |6 620_106000000000000_CEN_2012 |7 0 |8 R |9 466657 |a BIBMEC |b BIBMEC |i 5133475 |l 3 |o 620.106 CEN 2012 |p 5133475 |r 2024-04-04 |s 2024-04-02 |w 2019-11-23 |y BK_R |z Catalogado en:20141230 |k MEC | ||
| 952 | |0 0 |1 0 |3 erb |4 0 |6 620_106000000000000_CEN_2012 |7 0 |8 R |9 466658 |a BIBMEC |b BIBMEC |i 5136253 |l 1 |o 620.106 CEN 2012 |p 5136253 |r 2024-01-19 |s 2022-11-30 |w 2019-11-23 |y BK_R |z Catalogado en:20150123 |k MEC | ||
| 952 | |0 0 |1 0 |3 erb |4 0 |6 620_106000000000000_CEN_2012 |7 0 |8 R |9 466659 |a BIBMEC |b BIBMEC |i 5136245 |l 3 |o 620.106 CEN 2012 |p 5136245 |r 2024-08-16 |s 2022-11-30 |w 2019-11-23 |y BK_R |z Catalogado en:20150123 |k MEC | ||
| 952 | |0 0 |1 0 |2 ddc |3 erb |4 0 |6 620_106000000000000_CEN_2012 |7 0 |8 A |9 466660 |a BIBING |b BIBING |c RES |i 5493641 |l 13 |m 1 |o 620.106 CEN 2012 |p 5493641 |r 2025-01-20 |s 2024-11-14 |w 2019-11-23 |y BK |z Catalogado en:20180831 |k CIC | ||
| 952 | |0 0 |1 0 |2 ddc |3 erb |4 0 |6 620_106000000000000_CEN_2012 |7 0 |8 A |9 466661 |a BIBING |b BIBING |c RES |i 549365K |l 10 |m 1 |o 620.106 CEN 2012 |p 549365K |r 2025-01-20 |s 2024-04-03 |w 2019-11-23 |y BK |z Catalogado en:20180831 |k CIC | ||